1351 1816 1690 1466 1089 1778 1602 1678 1447 1189 1772 1312 1025 1234 1990 1378 1790 1280 1502 1767 1028 1476 1946 1860 1835 1118 1718 1528 1671 1939 1512 1001 1511 1781 1027 1605 1091 1687 1234 1429 1595 1675 1979 1056 1967 1309 1312 1781 1592 1836 1108 1676 1521 1237 1908 1825 1213 1816 1703 1840 1867 1147 1458 1001 1490 1670 1278 1799 1707 1555 1703 1117 1879 1107 1804 1249 1095 1850 1325 1604 1690 1414 1618 1768 1250 1940 1702 1869 1989 1161 1923 1464 1808 1572 1165 1949 1449 1824 1576 BCNSPRNW ULIB Ver.6.0+V

เปลี่ยนเป็นภาษาไทย

Change to English
 แสดงรายละเอียดบรรณานุกรม
  กลับหน้าหลัก

Brief Record : Get Marc (ISO 2709) : E-mail record : QR code < ปิดหน้าต่าง
LEADER : 00000nam 2200000uu 4500
001    13399122735
003     ULIB
008    020711s2555 th a 000 0 tha d
020    9786162132513
050  4 DS520^bก323ก
100    กวิตา ถนอมงาม
245    เกมถาม-ตอบ รอบรู้อาเซีน/^cกวิตา ถนอมงาม
250    พิมพ์ครั้งที่ 1
260    กรุงเทพฯ :^bสกายบุ๊กส์,^c2555
440  0 ชุด ประชาคมอาเซียนฉบับการ์ตูน
650  7 อาเซียน^xเสริมความรู้
650  7 อาเซียน^xเกม
650  7 อาเซียน^xถามตอบ
945    ^p119^l0^i20177
999    ^aทศพร เกษรทอง
รายการนี้ยังไม่มีแท็ก
คุณยังไม่ได้ล็อกอิน คุณสามารถมีกิจกรรมร่วมกับเว็บไซต์ได้ แต่ต้องล็อกอินก่อน ::
  ล็อกอิน

รายการสื่อสารสนเทศ

ลำดับที่ ประเภท เลขเรียก/บาร์โค้ด สถานที่ สถานะ
1. การศึกษาทั่วไป
การศึกษาทั่วไป
DS520 ก323ก ฉ.1 
  Barcode: 20177
ห้องสมุดวิทยาเขตนครสวรรค์
►หนังสือทั่วไป:l:General Books
บนชั้น

รายการใกล้เคียง
    ผู้แต่ง [กวิตา ถนอมงาม]

BibComment


ยังไม่เคยถูกคอมเมนท์

คอมเมนท์ทรัพยากรรายการนี้
  คอมเมนท์: เกมถามตอบ รอบรู้อ..


 Copyright 2026. Bcnsprnw @Library